| 000 | 005530000a22001570004500 | ||
|---|---|---|---|
| 003 | MACL | ||
| 005 | 20180225171158.0 | ||
| 008 | 180225b xxu||||| |||| 00| 0 eng d | ||
| 040 | _cmacl | ||
| 100 |
_aइन्द्रनाथ चौध्ाुरी _970772 |
||
| 245 | _aतुल्नात्मक साहित्य भारतीय परिपेक्ष्य | ||
| 260 |
_bनवोदय सेल्स _c2006 |
||
| 350 | _a300 | ||
| 650 |
_aसाहित्य _970773 |
||
| 942 |
_cHIN _k800/CHA/L _2ddc |
||
| 999 |
_c22411 _d22411 |
||